LEADER 04058nam 22006372 450 001 9910792073703321 005 20160303165025.0 010 $a1-107-23800-5 010 $a1-107-30186-6 010 $a1-107-30591-8 010 $a1-107-30915-8 010 $a1-139-54068-8 010 $a1-107-30695-7 010 $a1-107-31470-4 010 $a1-299-25735-6 035 $a(CKB)2560000000098606 035 $a(EBL)1113109 035 $a(OCoLC)824604574 035 $a(SSID)ssj0000877941 035 $a(PQKBManifestationID)11498139 035 $a(PQKBTitleCode)TC0000877941 035 $a(PQKBWorkID)10811378 035 $a(PQKB)10890938 035 $a(UkCbUP)CR9781139540681 035 $a(MiAaPQ)EBC1113109 035 $a(Au-PeEL)EBL1113109 035 $a(CaPaEBR)ebr10656320 035 $a(CaONFJC)MIL456985 035 $a(EXLCZ)992560000000098606 100 $a20120625d2013|||| uy| 0 101 0 $aeng 135 $aur||||||||||| 181 $ctxt$2rdacontent 182 $cc$2rdamedia 183 $acr$2rdacarrier 200 00$aAustralia 1942 $ein the shadow of war /$fedited by Peter J. Dean ; [foreword by Kim Beazley]$b[electronic resource] 210 1$aCambridge :$cCambridge University Press,$d2013. 215 $a1 online resource (xxiii, 248 pages) $cdigital, PDF file(s) 300 $aTitle from publisher's bibliographic system (viewed on 05 Oct 2015). 311 $a1-107-03227-X 311 $a1-107-31250-7 320 $aIncludes bibliographical references and index. 327 $aPart I. Australia in 1942. Australia in 1942: a pivotal year? / David Horner. -- Part II. Relations, Politics and the Home Front. World wars and the anticipation of conflict: the impact on long-established Australian Japanese relations 1905-1943 / Pam Oliver ; The overlooked mission: Australia and home defence / Albert Palazzo ; The home front and the American presence in 1942 / Kate Darian-Smith ; The 'dangers and problems unprecendented and unpredictable': the Curtin government's response to the threat / Ross McMullin. -- Part III. Australia Under Threat. The Japanese Army's 'unplanned' South Pacific campaign / Hiroyuki Shindo ; Japanese strategy and intentions toward Australia / Steve Bullard ; The air raids on Darwin, 19 February 1942: image and reality / Alan Powell. -- Part IV. The War on Australia's Doorstep. Vanquished but defiant victorious but divided -- the RAAF in the Pacific 1942 / Mark Johnston ; The war at sea -- on, above and below the waves / Ian Pfennigwerth ; On Australia's doorstep: Kokoda and Milne Bay / Karl James ; Anzacs and Yanks: US and Australian operations at the beachhead battles / Peter J. Dean ; Conclusion: 1942 in reflection. 330 $aIn 1942, the shadow of modern war reached Australia's shores for the first time. In this compelling volume, leading historians explore why 1942 was such a pivotal year in Australia's history and explain how the nation confronted some of its greatest challenges. This broad ranging study covers key issues from political, economic and home front reform to the establishment of a new partnership with the United States; the role of the Air Force and the Navy; the bombing of Darwin; as well as the battles of Kokoda, Milne Bay, the Beachheads and Guadalcanal. Australia 1942 provides a unique and in-depth exploration of the controversy surrounding the potential for invasion. Japanese and Australian historians offer perspectives on Japanese military intentions and strategies towards Australia and the South Pacific. Generously illustrated, it is essential reading for anyone interested in one of Australia's most decisive and critical years. 606 $aWorld War, 1939-1945$zAustralia 607 $aAustralia$2fast 607 $aAustralien$2gnd 615 0$aWorld War, 1939-1945 676 $a940.5394 702 $aDean$b Peter J$g(Peter John),$f1974- 801 0$bUkCbUP 801 1$bUkCbUP 906 $aBOOK 912 $a9910792073703321 996 $aAustralia 1942$93775742 997 $aUNINA LEADER 03595nam 2200805Ia 450 001 9910955447403321 005 20251114194658.0 010 $a9786612723162 010 $a9781282723160 010 $a1282723162 010 $a9783110232271 010 $a3110232278 024 7 $a10.1515/9783110232271 035 $a(CKB)2670000000034045 035 $a(EBL)570584 035 $a(OCoLC)659500640 035 $a(SSID)ssj0000437974 035 $a(PQKBManifestationID)11270935 035 $a(PQKBTitleCode)TC0000437974 035 $a(PQKBWorkID)10448382 035 $a(PQKB)11073408 035 $a(MiAaPQ)EBC570584 035 $a(WaSeSS)IndRDA00058868 035 $a(DE-B1597)38805 035 $a(OCoLC)979745123 035 $a(DE-B1597)9783110232271 035 $a(Au-PeEL)EBL570584 035 $a(CaPaEBR)ebr10408322 035 $a(CaONFJC)MIL272316 035 $a(oapen)https://directory.doabooks.org/handle/20.500.12854/49861 035 $a(Perlego)651358 035 $a(oapen)doab49861 035 $a(EXLCZ)992670000000034045 100 $a20100520d2010 uy 0 101 0 $aeng 135 $aur||||||||||| 181 $ctxt 182 $cc 183 $acr 200 00$aIFLA public library service guidelines 205 $a2nd, completely rev. ed. /$bedited by Christie Koontz and Barbara Gubbin. 210 $aBerlin ;$aNew York $cDe Gruyter Saur$dc2010 215 $a1 online resource (161 p.) 225 1 $aIFLA publications,$x0344-6891 ;$v147 300 $aRev. ed. of: The public library service / prepared by a working group chaired by Philip Gill on behalf of the Section of Public Libraries. 2001. 311 08$a9783110232264 311 08$a311023226X 320 $aIncludes bibliographical references and index. 327 $tFrontmatter --$tContents --$t1 The mission and purposes of the public library --$t2 The legal and financial framework --$t3 Meeting the needs of the customers --$t4 Collection development --$t5 Human resources --$t6 The management of public libraries --$t7 The marketing of public libraries --$tBackmatter 330 $aThe public library is the prime community access point designed to respond to a multitude of ever-changing information needs. These guidelines are framed to provide assistance to library and information professionals in most situations. They assist to better develop effective services, relevant collections, and accessible formats within the context and requirements of the local community. In this exciting and complex information world it is important for professionals in search of knowledge, information and creative experience to succeed. This is the 2nd edition of The Public Library Service IFLA/UNESCO Guidelines for Development. 410 0$aIFLA publications ;$v147. 517 3 $aPublic library service guidelines 606 $aPublic libraries$xStandards 606 $aPublic libraries$xAdministration 606 $aPublic libraries$xAims and objectives 615 0$aPublic libraries$xStandards. 615 0$aPublic libraries$xAdministration. 615 0$aPublic libraries$xAims and objectives. 676 $a027.4 686 $aAN 69300$2rvk 701 $aKoontz$b Christie$01019151 701 $aGubbin$b Barbara$01019152 712 02$aInternational Federation of Library Associations and Institutions.$bSection of Public Libraries. 801 0$bMiAaPQ 801 1$bMiAaPQ 801 2$bMiAaPQ 906 $aBOOK 912 $a9910955447403321 996 $aIFLA public library service guidelines$92401117 997 $aUNINA